Como inculcar en los niños el sentido de responsabilidad.

Na minha lista:
Detalhes bibliográficos
Autor principal: Foster, Constance J. (autor)
Formato: Livro
Idioma:espanhol
Assuntos:
Tags: Adicionar Tag
Sem tags, seja o primeiro a adicionar uma tag!

MARC

LEADER 00000cam^a2200000uu^4500
001 000457862
005 20250521000000.0
008 050901s1960^^^^^^^^^^^^rd^r^^000^0^spa^d
009 20260310124054.883
035 |a FCE 000000306 
035 |a FCE 001207 
037 |a Acervo ITESO - Biblioteca 
041 |a spa 
082 0 4 |a 377.21  |b F649c 
100 |a Foster, Constance J.  |e (autor) 
245 1 0 |a Como inculcar en los niños el sentido de responsabilidad. 
264 |a México :  |b Letras,  |c 1960. 
300 |a 54 p. 
336 |a texto  |b txt  |2 rdacontenido 
337 |a sin mediación  |b n  |2 rdamedio 
338 |a volumen  |b nc  |2 rdasoporte 
649 |a XX 
650 |a Educación del niño 
650 |a Niño 
650 |a Desarrollo de la personalidad 
650 |a Responsabilidad del niño 
910 |a Fondo Centro de Estudios Educativos 
920 |a Impresos - Libros 
930 |a Fondos Especiales 
905 |a 133 
901 |a ALE001207  |b IT2  |c CEE  |u 20250521 
902 |a https://opac.biblio.iteso.mx/vufind/Record/000457862